Ján Mihál (1891-1969)

Bibliographic Details
Main Author: Jóna, Eugen, 1909-2004 (Author)
Format: Article
Language:Slovak
Subjects:

MARC

LEADER 00000nab a2200000 a 4500
001 vtls009278701
003 SK-MaSNL
005 20260304152337.0
008 250506c1970 xo ||||||h| ||00 b|slo
015 |a SNBRB2008/03  |2 snkbucl 
035 |a (uuid)52a02ad6-1964-427d-b0bf-937f6c28e1b2 
035 |a urn:nbn:sk:snk-abc3gu 
035 |a (urnnbn)urn:nbn:sk:snk:ar-002s0a 
038 |a SNKBUCL 
040 |a SNKBUCL  |b slo  |c SNKBUCL  |e AACR2 
041 0 |a slo 
044 |a xo  |c SK 
080 |a 81-051  |2 1997 
080 |a 811.162.4-051  |2 1997 
080 |a 929 Mihál, Ján  |2 1997 
080 |a 37-051  |2 1997 
100 1 |a Jóna, Eugen,  |d 1909-2004  |4 aut  |9 101165 
245 1 0 |a Ján Mihál (1891-1969)  |c E. Jóna 
600 1 7 |a Mihál, Ján,  |d 1891-1969  |2 SNKMA  |9 98337 
651 7 |a profily  |2 snkbucl  |9 1044152 
773 0 |t Slovenská reč  |g Roč. 35, č. 1 (1970), s. 50-51 
850 |a Slovenská národná knižnica 
852 |a Slovenská národná knižnica 
954 |a odborná, vedecká literatúra pôvodná (slovenská)  |2 lita 
958 |a article15 
958 |a OND 
958 |a BX 
958 |a EUIPO 
999 |c 2948457  |d 2950387